00605nam a22001697a 4500999001700000003000500017008004100022020001500063038001800078082001000096100004900106245011100155260002500266538002300291942001200314952010900326 c23111d23111NUST150522b xxu||||| |||| 00| 0 eng d a8178081083 aNusrat Nadeem a006.3 aFreedman, James A. / David M. Skapura921539 aNeural Networks Algorithms, Application, and programming TechniquesbFreedman, James A. / David M. Skapura aIndiabPEARSONc1991 iSupercomputing Lab cBK2ddc 00104070aRCMSbRCMScGENd2013-03-01l3o006.3FREpRCMS000044r2016-08-16s2016-08-16w2017-01-05yBK